Gender and migration: a bibliography (Record no. 14407)
[ view plain ]
| 000 -LEADER | |
|---|---|
| fixed length control field | 00755nam a2200205Ia 4500 |
| 082 ## - DEWEY DECIMAL CLASSIFICATION NUMBER | |
| Classification number | RR 016.3053 GEN- |
| 245 #0 - TITLE STATEMENT | |
| Title | Gender and migration: a bibliography |
| 260 ## - PUBLICATION, DISTRIBUTION, ETC. (IMPRINT) | |
| Place of publication | New Delhi |
| Name of publisher | Centre for Women's Development Studies |
| Year of publication | 2012 |
| 300 ## - PHYSICAL DESCRIPTION | |
| Number of Pages | 100 |
| 440 ## - SERIES STATEMENT/ADDED ENTRY--TITLE | |
| Title | CWDS library resources series, X |
| 500 ## - GENERAL NOTE | |
| General note | prepared on the occasion of national colloquium on gender and migration organised by Centre for Women's Development Studies, 6th March, 2012, New Delhi. |
| 504 ## - BIBLIOGRAPHY, ETC. NOTE | |
| Bibliography, etc | includes index |
| 650 ## - SUBJECT ADDED ENTRY--TOPICAL TERM | |
| Topical Term | Sex |
| Form subdivision | Bibliography |
| -- | Methodology |
| 650 ## - SUBJECT ADDED ENTRY--TOPICAL TERM | |
| Topical Term | Migration |
| Form subdivision | Bibliography |
| -- | Methodology |
| 650 ## - SUBJECT ADDED ENTRY--TOPICAL TERM | |
| Topical Term | Bibliography |
| 700 ## - ADDED ENTRY--PERSONAL NAME | |
| Personal name | Vyas, Anju |
| 700 ## - ADDED ENTRY--PERSONAL NAME | |
| Personal name | Usmani, Meena |
| 710 ## - ADDED ENTRY--CORPORATE NAME | |
| Corporate name or jurisdiction name as entry element | Centre for Women's Development Studies, New Delhi |
| 942 ## - ADDED ENTRY ELEMENTS (KOHA) | |
| Koha item type | Books |
| Withdrawn status | Lost status | Damaged status | Not for loan | Home library | Current library | Date acquired | Source of acquisition | Bill Date | Full call number | Accession Number | Price effective from | Koha item type |
|---|---|---|---|---|---|---|---|---|---|---|---|---|
| NASSDOC Library | NASSDOC Library | 31/03/2012 | Gifted by : Centre for Women's Developme | 2009-09-24 | RR 016.3053 GEN- | 47623 | 18/04/2019 | Books |
